000 00497 a2200169 4500
020 _a0534389058
040 _aDLC
_bDLC
082 0 0 _a519.4
100 1 _aKincaid, David
245 1 0 _aNumerical analysis : mathematics of scientific computing
_cDavid Kincaid, Ward Cheney.
250 _a3rd ed.
260 _aPacific Grove, CA :
_bBrooks/Cole,
_cc2002.
300 _axiv, 788 p. :
_bill. ;
_c25 cm.
650 0 _aNumerical analysis.
700 1 _aCheney, E. W.
_d1929-
942 _cBK
_k519.4 KIN
_2ddc
999 _c9647
_d9647